|
|
|
|
| LEADER |
01733nam a2200277 i 4500 |
| 001 |
10111515 |
| 003 |
GR-PaULI |
| 005 |
20220413110159.0 |
| 008 |
140128s2017 gr g 000 p gre d |
| 952 |
|
|
|0 0
|1 0
|2 ddc
|4 0
|6 881_000000000000000_ΑΡΧ
|7 0
|9 326010
|a LISP
|b LISP
|c BSC
|d 2021-06-15
|i 151551
|l 0
|o 881 ΑΡΧ
|p 025000279992
|r 2021-06-15 00:00:00
|t 1
|v 2021.00
|w 2021-06-15
|y BK15
|
| 999 |
|
|
|c 183005
|d 183005
|
| 020 |
|
|
|a 9789602065952
|
| 040 |
|
|
|a GR-PaULI
|b gre
|c GR-PaULI
|e AACR2
|
| 082 |
0 |
4 |
|a 884
|2 23
|
| 245 |
1 |
0 |
|a Αρχαϊκή λυρική ποίηση :
|b ηθικές αξίες και πολιτική συμπεριφορά στην αρχαία ελληνική λογοτεχνία :προβλήματα ερμηνείας και μετάφρασης της αρχαίας ελληνικής λογοτεχνίας : μία ερμηνευτική προσέγγιση : ανθολογία αρχαϊκής λυρικής ποίησης με βάση την αρετή και το αγαθόν /
|c κείμενο - μετάφραση - ερμηνεία Ι. Ν. Περυσινάκης.
|
| 250 |
|
|
|a 3η έκδ.
|
| 260 |
|
|
|a Αθήνα :
|b Παπαδήμας,
|c 2017.
|
| 300 |
|
|
|a 758 σ. ;
|c 25 εκ.
|
| 504 |
|
|
|a Περιλαμβάνει βιβλιογραφία.
|
| 650 |
|
4 |
|a Ηθική στη λογοτεχνία
|9 135830
|
| 650 |
|
4 |
|a Πολιτική στη λογοτεχνία
|9 52961
|
| 650 |
|
4 |
|9 77295
|a Λυρική ποίηση, Ελληνική
|x Ιστορία και κριτική.
|
| 650 |
|
4 |
|9 77271
|a Λυρική ποίηση, Ελληνική
|x Συλλογές.
|
| 700 |
1 |
|
|a Περυσινάκης, Γιάννης
|9 135831
|e επιμελητής.
|
| 942 |
|
|
|2 ddc
|c BK15
|
| 998 |
|
|
|c ΛΟΤΣΑΡΗ
|d 2021-06
|